Catálogo de la Biblioteca Horacio González - Universidad Nacional de General Sarmiento

Cuando huye el día (Registro nro. 54904)

Detalles MARC
000 -CABECERA
campo de control de longitud fija 01273ngm a22002770a 4500
001 - NÚMERO DE CONTROL
campo de control PT35646
003 - IDENTIFICADOR DEL NÚMERO DE CONTROL
campo de control AR-LpoUNG
005 - FECHA Y HORA DE LA ÚLTIMA TRANSACCIÓN
campo de control 20210202000448.0
007 - CAMPO FIJO DE DESCRIPCIÓN FÍSICA--INFORMACIÓN GENERAL
campo de control de longitud fija vd cvaizq
008 - DATOS DE LONGITUD FIJA--INFORMACIÓN GENERAL
campo de control de longitud fija 191001suuuu||||ag |||||||||||||||||swe d
037 ## - FUENTE DE ADQUISICIÓN
Condiciones de disponibilidad $11,25
040 ## - FUENTE DE LA CATALOGACIÓN
Centro catalogador/agencia de origen AR-LpoUNG
Lengua de catalogación spa
Centro/agencia transcriptor AR-LpoUNG
Normas de descripción aacr
041 ## - CÓDIGO DE LENGUA
Código de lengua del texto/banda sonora o título independiente swe
-- spa
044 ## - CÓDIGO DEL PAÍS DE LA ENTIDAD EDITORA/PRODUCTORA
Código MARC del país ag
082 0# - NÚMERO DE LA CLASIFICACIÓN DECIMAL DEWEY
Número de clasificación 305.552 495cua
100 1# - ENTRADA PRINCIPAL--NOMBRE DE PERSONA
Nombre de persona Bergman, Ingmar
Término indicativo de función/relación dir.
245 10 - MENCIÓN DE TÍTULO
Título Cuando huye el día
260 ## - PUBLICACIÓN, DISTRIBUCIÓN, ETC.
Lugar de publicación, distribución, etc. Buenos Aires :
Nombre del editor, distribuidor, etc. s.n.,
Fecha de publicación, distribución, etc. [199-?].
300 ## - DESCRIPCIÓN FÍSICA
Extensión DVD : son., byn
505 0# - NOTA DE CONTENIDO CON FORMATO
Nota de contenido con formato Créditos : fotografía, Gunnar Fischer; música, Erik Nordgren. - Fecha de estreno en Argentina 11/10/1960. - Subtítulos en español
520 ## - SUMARIO, ETC.
Sumario, etc. El profesor Isaac Borg debe asistir en la Universidad de Lund al jubileo de sus 50 años como médico. Un sueño le hace tomar conciencia que el fin de su vida se acerca. Con su nuera Mariana, viaja en auto hacia Lund. Durante el trayecto irá reviviendo su infancia y su juventud. Victor Sjöstrom, el destacado director de cine sueco, encarna con profunda compenetración a ese ser humano cuya vida ha sido marcada por un enorme egoísmo y a quien los honores no consiguen borrar la sensación de fracaso.
653 ## - TÉRMINO DE INDIZACIÓN--NO CONTROLADO
Término no controlado CINE CLASICO
653 ## - TÉRMINO DE INDIZACIÓN--NO CONTROLADO
Término no controlado VIDEOS
905 ## - ELEMENTOS DE DATOS E LOCAL, LDE (RLIN)
a 35646
942 ## - ELEMENTOS DE PUNTO DE ACCESO ADICIONAL (KOHA)
Tipo de ítem Koha DVD
Existencias
Estado de retiro Estado de pérdida Estado dañado No para préstamo Código de colección Localización permanente Ubicación/localización actual Fecha de adquisición Total de préstamos Signatura topográfica completa Código de barras Fecha visto por última vez Precio válido a partir de Tipo de ítem Koha
        Colección Cine Biblioteca Universidad Nacional de General Sarmiento Biblioteca Universidad Nacional de General Sarmiento 02/02/2021   305.552 495cua 00043048 02/02/2021 02/02/2021 DVD
        Colección Cine Biblioteca Universidad Nacional de General Sarmiento Biblioteca Universidad Nacional de General Sarmiento 02/02/2021   305.552 495cua 00043049 02/02/2021 02/02/2021 DVD
        Colección Cine Biblioteca Universidad Nacional de General Sarmiento Biblioteca Universidad Nacional de General Sarmiento 02/02/2021   305.552 495cua 00043050 02/02/2021 02/02/2021 DVD